Crusade India : (Record no. 144196)

MARC details
000 -LEADER
fixed length control field 00564nam a22001817a 4500
010 ## - LCCN (DPL NO)
LC control number ENG-120517
020 ## - INTERNATIONAL STANDARD BOOK NUMBER
International Standard Book Number 9788190164245
Terms of availability 450.00
035 ## - SYSTEM CONTROL NUMBER
System control number EN-104049
037 ## - SOURCE OF ACQUISITION
Source of stock number/acquisition DBAD/PUB
082 ## - DEWEY DECIMAL CLASSIFICATION NUMBER
Classification number 330.954
100 ## - MAIN ENTRY--PERSONAL NAME
Personal name Agrawal, K.C.
245 ## - TITLE STATEMENT
Title Crusade India :
Remainder of title towards a new dawn /
Statement of responsibility, etc by K.C. Agrawal
260 ## - PUBLICATION, DISTRIBUTION, ETC. (IMPRINT)
Place of publication, distribution, etc Uttar Pradesh
Name of publisher, distributor, etc Knowledge Books Inc.
Date of publication, distribution, etc 2007
270 ## - ADDRESS
Address P.O. Box-536, Sector-37, Post Office, Noida
City Uttar Pradesh
Postal code 201303
300 ## - PHYSICAL DESCRIPTION
Extent xx,393p.
Other physical details 23cm(pbk).
700 ## - ADDED ENTRY--PERSONAL NAME
Personal name Prakasam, V.
942 ## - ADDED ENTRY ELEMENTS (KOHA)
Source of classification or shelving scheme Dewey Decimal Classification
Item type English Books
Classification part 330.954
Call number suffix AGA
Holdings
Withdrawn status Lost status Not for loan Collection code Home library Current library Date acquired Source of acquisition Cost, normal purchase price Full call number Barcode Copy number Cost, replacement price Koha item type
    Not For Loan Non-fiction D.B.Act.Division Bawana 08/09/2017 DBAD/PUB 450.00 330.954 AGA EN-104049 1 450.00 English Books

© Delhi Public Library
Hit Counter
free hit counter